<?xml version="1.0" encoding="UTF-8"?>
<resp>
  <nextPage>https://data.bn.org.pl/api/networks/bibs.marcxml?marc=001+b0000080042167&amp;sinceId=80042168</nextPage>
  <collection>
    <record xmlns='http://www.loc.gov/MARC21/slim'><leader>01862namZa2200577ZiZ4500</leader><controlfield tag='001'>b0000080042167</controlfield><controlfield tag='005'>20251108084703.5</controlfield><controlfield tag='008'>990127s1999    pl      r     000 0 pol d</controlfield><controlfield tag='009'>9912901688105606</controlfield><datafield ind1=' ' ind2=' ' tag='020'><subfield code='a'>8370003834</subfield></datafield><datafield ind1='1' ind2=' ' tag='034'><subfield code='a'>a</subfield><subfield code='b'>7500000</subfield></datafield><datafield ind1=' ' ind2=' ' tag='035'><subfield code='a'>990000377640307664-48omnis_network</subfield></datafield><datafield ind1=' ' ind2=' ' tag='035'><subfield code='a'>(Aleph)000037764SGH01</subfield></datafield><datafield ind1=' ' ind2=' ' tag='035'><subfield code='a'>SGH0037764</subfield></datafield><datafield ind1=' ' ind2=' ' tag='035'><subfield code='a'>(PL)b0000080042167</subfield></datafield><datafield ind1=' ' ind2=' ' tag='040'><subfield code='a'>SGH</subfield><subfield code='c'>SGH</subfield><subfield code='d'>SGH</subfield></datafield><datafield ind1='0' ind2=' ' tag='045'><subfield code='b'>d1999</subfield></datafield><datafield ind1=' ' ind2=' ' tag='046'><subfield code='k'>1999</subfield></datafield><datafield ind1='0' ind2='0' tag='245'><subfield code='a'>Polska :</subfield><subfield code='b'>mapa administracyjna : nowy podział administracyjny - 16 województw, powiaty, gminy, zasady reformy.</subfield></datafield><datafield ind1=' ' ind2=' ' tag='250'><subfield code='a'>Wyd.2</subfield></datafield><datafield ind1=' ' ind2=' ' tag='255'><subfield code='a'>Skala 1:750 000.</subfield></datafield><datafield ind1=' ' ind2=' ' tag='260'><subfield code='a'>Warszawa</subfield><subfield code='a'>Wrocław :</subfield><subfield code='b'>Polskie Przedsięb. Wydawn. Kartograficznych im. Eugeniusza Romera,</subfield><subfield code='c'>1999.</subfield></datafield><datafield ind1=' ' ind2=' ' tag='300'><subfield code='a'>1 k. złoż. ;</subfield><subfield code='c'>22 cm.</subfield></datafield><datafield ind1=' ' ind2=' ' tag='336'><subfield code='a'>Mapa 2D</subfield><subfield code='b'>cri</subfield><subfield code='2'>rdacontent</subfield></datafield><datafield ind1=' ' ind2=' ' tag='337'><subfield code='a'>Bez urządzenia pośredniczącego</subfield><subfield code='b'>n</subfield><subfield code='2'>rdamedia</subfield></datafield><datafield ind1=' ' ind2=' ' tag='338'><subfield code='a'>Arkusz</subfield><subfield code='b'>nb</subfield><subfield code='2'>rdacarrier</subfield></datafield><datafield ind1=' ' ind2=' ' tag='380'><subfield code='a'>Mapy</subfield></datafield><datafield ind1='1' ind2=' ' tag='388'><subfield code='a'>1901-2000</subfield></datafield><datafield ind1='1' ind2=' ' tag='388'><subfield code='a'>1989-2000</subfield></datafield><datafield ind1=' ' ind2='7' tag='648'><subfield code='a'>1901-2000</subfield><subfield code='2'>DBN</subfield></datafield><datafield ind1=' ' ind2='7' tag='648'><subfield code='a'>1989-2000</subfield><subfield code='2'>DBN</subfield></datafield><datafield ind1=' ' ind2='7' tag='650'><subfield code='a'>Podział administracyjny</subfield><subfield code='2'>DBN</subfield></datafield><datafield ind1=' ' ind2='7' tag='651'><subfield code='a'>Polska</subfield><subfield code='2'>DBN</subfield></datafield><datafield ind1=' ' ind2='7' tag='655'><subfield code='a'>Mapa administracyjna</subfield><subfield code='2'>DBn</subfield></datafield><datafield ind1=' ' ind2=' ' tag='658'><subfield code='a'>Geografia i nauki o Ziemi</subfield></datafield><datafield ind1=' ' ind2=' ' tag='852'><subfield code='8'>225508980008218</subfield><subfield code='j'>0</subfield><subfield code='b'>TL_3_1</subfield><subfield code='p'>R07810</subfield><subfield code='c'>TL_3_1_1</subfield></datafield><datafield ind1=' ' ind2=' ' tag='852'><subfield code='8'>2269701650007664</subfield><subfield code='j'>1</subfield><subfield code='b'>BG</subfield><subfield code='p'>66631</subfield><subfield code='c'>AKG</subfield></datafield><datafield ind1=' ' ind2=' ' tag='852'><subfield code='8'>2269701650007664</subfield><subfield code='j'>1</subfield><subfield code='b'>BG</subfield><subfield code='p'>66654</subfield><subfield code='c'>AKG</subfield></datafield><datafield ind1=' ' ind2=' ' tag='852'><subfield code='8'>2244436180007666</subfield><subfield code='j'>1</subfield><subfield code='b'>BNiL</subfield><subfield code='p'>104004498000</subfield><subfield code='c'>BRAKI</subfield></datafield><datafield ind1=' ' ind2=' ' tag='852'><subfield code='b'>48OMNIS_TL</subfield><subfield code='8'>991000076129908218</subfield></datafield><datafield ind1=' ' ind2=' ' tag='852'><subfield code='b'>48OMNIS_WSE</subfield><subfield code='8'>990000377640307664</subfield></datafield><datafield ind1=' ' ind2=' ' tag='852'><subfield code='b'>48OMNIS_BE</subfield><subfield code='8'>991002655049707666</subfield></datafield><datafield ind1=' ' ind2=' ' tag='852'><subfield code='b'>48OMNIS_NETWORK</subfield><subfield code='8'>9912901688105606</subfield></datafield><datafield ind1=' ' ind2=' ' tag='920'><subfield code='a'>83-7000-383-4</subfield></datafield></record>
  </collection>
</resp>
